00828nam a2200229I 45000010005000000030007000050050017000120080041000290200016000700350017000860350020001030350017001230400022001400410008001620820026001701000021001962450206002172600057004233000033004805040041005136510044005546985BDjRUL20211208234341.0140113s1983 maua 001 0 eng d a066906723-7 a(BDjRUL)7027 a(OCoLC)08883918 aGLIS00131665 cMYGaBD-RjULbeng aeng 223a330.973bWIA 19831 aWilson, James Q.10aAmerican government :binstitutions and policies /cJames Q. Wilson ; [charts and graphs by B.J. & F.W. Taylor ; ill. by Terry Presnall and Irene Roman/Gwen Goldstein ; cartography by Norman C. Adams.] aLexington, Mass. :bD. C. Heath,cc1983 [i.e. 1982]. axx, 693 p. :bill. ;c25 cm. aIncludes bibliographies and indexes. 0aUnited StatesxPolitics and government.